[Event "Coin op"]
[Site "Coin"]
[Date "2021.04.02"]
[Round "3"]
[White "Gomez Aguirre, Juan Alberto"]
[Black "Dominguez Alcon, Victor"]
[Result "1/2-1/2"]
[WhiteElo "1843"]
[BlackElo "2160"]
[PlyCount "66"]
[EventDate "2021.04.01"]
[EventType "swiss"]
[EventRounds "7"]
[EventCountry "ESP"]
[SourceTitle "EXT 2022"]
[Source "ChessBase"]
[SourceDate "2021.10.06"]
[SourceVersion "1"]
[SourceVersionDate "2021.10.06"]
[SourceQuality "1"]

1. d4 f5 2. g3 Nf6 3. Bg2 e6 4. c4 Bb4+ 5. Nd2 0-0 6. e3 d6 7. Ne2 e5 8. 0-0 Bxd2 9. Qxd2 a5 10. b3 c6 11. Bb2 e4 12. a3 Be6 13. d5 cxd5 14. Nf4 Bf7 15. Bxf6 Qxf6 16. Nxd5 Qe5 17. Rfd1 Bh5 18. Re1 Nd7 19. Nf4 Bf7 20. Rad1 Nc5 21. b4 axb4 22. axb4 Na6 23. Qxd6 Qxd6 24. Rxd6 Bxc4 25. Bf1 Bxf1 26. Kxf1 Nxb4 27. Rb1 Nc6 28. Rxb7 Ra7 29. Rxa7 Nxa7 30. Rd7 Rf7 31. Rd8+ Rf8 32. Rd7 Rf7 33. Rd8+ Rf8 1/2-1/2

[Event "World Corporate East C"]
[Site "Chess.com INT"]
[Date "2021.02.19"]
[Round "2.5"]
[White "Dominguez Alcon, Victor"]
[Black "Dourerassou, Jonathan"]
[Result "0-1"]
[WhiteElo "2158"]
[BlackElo "2477"]
[PlyCount "54"]
[EventDate "2021.02.19"]
[EventType "team (rapid)"]
[EventRounds "7"]
[EventCountry "USA"]
[SourceTitle "EXT 2022"]
[Source "ChessBase"]
[SourceDate "2021.10.06"]
[SourceVersion "1"]
[SourceVersionDate "2021.10.06"]
[SourceQuality "1"]
[WhiteTeam "Indra Sistemas"]
[BlackTeam "Societe Generale"]
[WhiteTeamCountry "ESP"]
[BlackTeamCountry "FRA"]

1. d4 d5 2. c4 e6 3. Nc3 Be7 4. Nf3 Nf6 5. Bg5 0-0 6. e3 h6 7. Bh4 Nbd7 8. Rc1 c6 9. Bd3 a6 10. 0-0 dxc4 11. Bxc4 b5 12. Bd3 Bb7 13. e4 c5 14. e5 Nd5 15. Bxe7 Qxe7 16. Nxd5 Bxd5 17. dxc5 Nxc5 18. Bb1 Rac8 19. Re1 Rfd8 20. Qc2 g6 21. b4 Bxf3 22. gxf3 Nd3 23. Qxc8 Nxe1 24. Qc6 Qg5+ 25. Kf1 Nxf3 26. Be4 Nd2+ 27. Ke2 Nxe4 0-1

[Event "ESP-ch 85th"]
[Site "Linares"]
[Date "2020.09.08"]
[Round "9"]
[White "Narciso Dublan, Marc"]
[Black "Dominguez Alcon, Victor"]
[Result "1-0"]
[WhiteElo "2502"]
[BlackElo "2162"]
[PlyCount "77"]
[EventDate "2020.08.31"]
[EventType "swiss"]
[EventRounds "9"]
[EventCountry "ESP"]
[SourceTitle "EXT 2021"]
[Source "ChessBase"]
[SourceDate "2020.10.23"]
[SourceVersion "1"]
[SourceVersionDate "2020.10.23"]
[SourceQuality "1"]

1. d4 d5 2. c4 c6 3. Nf3 Nf6 4. e3 e6 5. Nbd2 Nbd7 6. b3 Bd6 7. Bb2 b6 8. Bd3 Bb7 9. 0-0 0-0 10. Qe2 c5 11. cxd5 exd5 12. Ne5 cxd4 13. Nxd7 Qxd7 14. Nf3 Ne4 15. Nxd4 a6 16. Rfd1 Rfe8 17. Rac1 g6 18. a3 Nc5 19. Bb1 Rac8 20. g3 Ne6 21. b4 Be5 22. Rxc8 Rxc8 23. Bd3 b5 24. Qd2 Ng5 25. Be2 Ne4 26. Qd3 h5 27. Bf3 h4 28. Qf1 Ng5 29. Bg2 h3 30. Bh1 Bxd4 31. Bxd4 Qf5 32. f4 Ne4 33. Bf3 Nf6 34. g4 Qe6 35. Qxh3 Rc2 36. f5 Qd6 37. fxg6 fxg6 38. Qh6 Kf7 39. Rf1 1-0

[Event "Mostoles op 7th"]
[Site "Mostoles "]
[Date "2014.07.22"]
[Round "7"]
[White "Pablos Tenrero, Raquel"]
[Black "Dominguez Alcon, Victor"]
[Result "1/2-1/2"]
[WhiteElo "1965"]
[BlackElo "2167"]
[PlyCount "61"]
[EventDate "2014.07.16"]
[EventType "swiss"]
[EventRounds "9"]
[EventCountry "ESP"]
[SourceTitle "EXT 2015"]
[Source "ChessBase"]
[SourceDate "2014.11.20"]
[SourceVersion "1"]
[SourceVersionDate "2014.11.20"]
[SourceQuality "1"]

1. e4 c5 2. Nf3 d6 3. d4 cxd4 4. Nxd4 Nf6 5. Nc3 g6 6. g3 Nc6 7. Nde2 Bg7 8. Bg2 0-0 9. h3 Rb8 10. 0-0 b5 11. Nd5 Nd7 12. c3 e6 13. Ne3 Qe7 14. Nf4 b4 15. Bd2 Ba6 16. Re1 Nc5 17. a3 b3 18. Rb1 Ne5 19. c4 Bxc4 20. Bc3 Ncd3 21. Nxd3 Nxd3 22. Bxg7 Kxg7 23. Re2 Bb5 24. Rd2 Rfc8 25. Qxb3 Nc5 26. Qc3+ e5 27. Nd5 Qb7 28. Qf3 Nd7 29. Ne3 Rc6 30. Rbd1 Ba6 31. h4 1/2-1/2

[Event "Mostoles op 7th"]
[Site "Mostoles "]
[Date "2014.07.18"]
[Round "3"]
[White "Cardenas Serrano, Sergio"]
[Black "Dominguez Alcon, Victor"]
[Result "1-0"]
[WhiteElo "2073"]
[BlackElo "2167"]
[PlyCount "107"]
[EventDate "2014.07.16"]
[EventType "swiss"]
[EventRounds "9"]
[EventCountry "ESP"]
[SourceTitle "EXT 2015"]
[Source "ChessBase"]
[SourceDate "2014.11.20"]
[SourceVersion "1"]
[SourceVersionDate "2014.11.20"]
[SourceQuality "1"]

1. e4 c5 2. Nc3 Nc6 3. f4 g6 4. Nf3 Bg7 5. Bb5 Nd4 6. 0-0 Nxb5 7. Nxb5 d5 8. exd5 a6 9. Nc3 Nf6 10. d4 c4 11. Qe2 b5 12. Ne5 Bb7 13. f5 0-0 14. fxg6 hxg6 15. Bg5 Bxd5 16. Nxd5 Qxd5 17. c3 Rae8 18. Rae1 Nd7 19. Nxd7 Qxd7 20. Bxe7 f5 21. Qe6+ Qxe6 22. Rxe6 Kf7 23. Rfe1 Rh8 24. d5 Bf8 25. Bxf8 Rxe6 26. Rxe6 Rxf8 27. Rxa6 Rd8 28. d6 Ke6 29. Kf2 g5 30. Rb6 Rd7 31. Ke3 Rh7 32. h3 Rh4 33. Rxb5 Re4+ 34. Kd2 Rf4 35. Ke2 Kxd6 36. g3 Re4+ 37. Kf3 Ke6 38. Rb4 Kd5 39. a4 Re1 40. Rb5+ Ke6 41. a5 Ra1 42. h4 gxh4 43. gxh4 Rf1+ 44. Kg2 Ra1 45. Rb6+ Kf7 46. a6 Ra5 47. Kg3 Kg7 48. Kf4 Kf7 49. h5 Kg7 50. h6+ Kh7 51. Kg5 f4+ 52. Kxf4 Kg8 53. Ke4 Rb5 54. Rxb5 1-0